| 000 | 00472nam a2200169 4500 | ||
|---|---|---|---|
| 003 | SEACOMEC | ||
| 005 | 20241223135848.0 | ||
| 008 | 240226b |||||||| |||| 00| 0 eng d | ||
| 020 |
_cRs.210.00 _a812590932X |
||
| 040 | _aSEACOMEC | ||
| 082 |
_a005.133 _bA991 |
||
| 100 | _aAzam,Mohammed | ||
| 245 | 1 |
_aProgramming with visual Basic 6.0/ _cMohammed Azam |
|
| 260 |
_aNew Delhi _bVikash publishing _c2000 |
||
| 650 | _aComputer science,Programming languages | ||
| 942 | _cBOOK | ||
| 999 |
_c697 _d697 |
||